Резание материалов: учебное пособие для вузов

Détails bibliographiques
Auteur principal: Кудряшов Е. А. Евгений Алексеевич
Autres auteurs: Смольников Н. Я. Николай Яковлевич, Яцун Е. И. Елена Ивановна
Résumé:В первой части книги рассмотрены вопросы инструментального обеспечения резания материалов, элементы процесса резания и явления, сопровождающие этот процесс, а также различные виды лезвийной обработки. Вторая часть представляет собой лабораторный практикум. Для студентов, обучающихся по направлению подготовки «Материаловедение и технологии материалов» (специальности «Технология машиностроения», «Инструментальные системы машиностроительных производств»), аспирантов и специалистов в области обработки материалов.
Langue:russe
Publié: Москва, Альфа-М, 2014
Collection:Высшая школа
Бакалавриат
Sujets:
Format: Livre
KOHA link:https://koha.lib.tpu.ru/cgi-bin/koha/opac-detail.pl?biblionumber=257699

MARC

LEADER 00000nam0a2200000 4500
001 257699
005 20231101233228.0
010 |a 9785982813909 
010 |a 978-5-16-009635-3 
035 |a (RuTPU)RU\TPU\book\280516 
090 |a 257699 
100 |a 20140418d2014 m y0rusy50 ca 
101 0 |a rus 
102 |a RU 
105 |a a j 001zy 
200 1 |a Резание материалов  |e учебное пособие для вузов  |f Е. А. Кудряшов, Н. Я. Смольников, Е. И. Яцун 
210 |a Москва  |c Альфа-М  |c Инфра-М  |d 2014 
215 |a 224 с.  |c ил. 
225 1 |a Высшая школа 
225 1 |a Бакалавриат 
320 |a Библиогр.: с. 222. 
330 |a В первой части книги рассмотрены вопросы инструментального обеспечения резания материалов, элементы процесса резания и явления, сопровождающие этот процесс, а также различные виды лезвийной обработки. Вторая часть представляет собой лабораторный практикум. Для студентов, обучающихся по направлению подготовки «Материаловедение и технологии материалов» (специальности «Технология машиностроения», «Инструментальные системы машиностроительных производств»), аспирантов и специалистов в области обработки материалов. 
606 1 |a Резание материалов  |2 stltpush  |3 (RuTPU)RU\TPU\subj\24497  |9 48835 
610 1 |a структурообразование 
610 1 |a контактные процессы 
610 1 |a инструментальные материалы 
610 1 |a смазочно-охлаждающие жидкости 
610 1 |a многоинструментальные станки с ЧПУ 
610 1 |a режимы резания 
610 1 |a мощность 
610 1 |a токарная обработка 
610 1 |a фрезерование 
610 1 |a строгание 
610 1 |a сверление 
610 1 |a шлифование 
610 1 |a резьбонарезание 
610 1 |a теоретический материал 
610 1 |a лабораторные работы 
610 1 |a учебные пособия 
675 |a 621.91(075.8)  |v 3 
700 1 |a Кудряшов  |b Е. А.  |g Евгений Алексеевич 
701 1 |a Смольников  |b Н. Я.  |g Николай Яковлевич 
701 1 |a Яцун  |b Е. И.  |g Елена Ивановна 
801 1 |a RU  |b 63413507  |c 20140418 
801 2 |a RU  |b 63413507  |c 20150703  |g RCR 
942 |c BK 
959 |a 73/20140416  |d 10  |e 449,90  |f ЧЗГЛ:1  |f АНЛ:1  |f УФ:8